Analysis of financial statements of Delhi Cables Ltd. (Record no. 73326)
[ view plain ]
| 000 -LEADER | |
|---|---|
| fixed length control field | 00331nam a2200133Ia 4500 |
| 008 - FIXED-LENGTH DATA ELEMENTS--GENERAL INFORMATION | |
| fixed length control field | 230917s9999||||xx |||||||||||||| ||und|| |
| 040 ## - CATALOGING SOURCE | |
| -- | 94284 |
| Original cataloging agency | VIVEKANANDA LIBRARY |
| 041 ## - Language | |
| -- | English |
| 082 ## - DDC NUMBER | |
| Classification number | 657.3 N169A |
| 100 ## - MAIN ENTRY--PERSONAL NAME | |
| Personal name | Narayan Singh |
| 245 #0 - TITLE STATEMENT | |
| Title | Analysis of financial statements of Delhi Cables Ltd. |
| 300 ## - PHYSICAL DESCRIPTION | |
| Pages | 6.11 p. |
| 942 ## - ADDED ENTRY ELEMENTS (KOHA) | |
| Koha item type | Thesis |
| Withdrawn status | Lost status | Damaged status | Not for loan | Location (home branch) | Sublocation or collection (holding branch) | Shelving location | Date acquired | Koha issues (times borrowed) | Koha full call number | Accession No. | Koha date last seen | Koha item type |
|---|---|---|---|---|---|---|---|---|---|---|---|---|
| VIVEKANANDA LIBRARY | VIVEKANANDA LIBRARY | Reference | 02/07/2003 | 657.3 N169A | 147581 | 17/09/2023 | Thesis |
